LEADER 01928nam2 2200481 450 001 000005069 005 20110131114800.0 010 $a0-471-90567-4$b(Vol.1) 010 $a0-471-90568-2$b(Vol.2) 100 $a20020507d1985----km-y0itay0103----ba 101 0 $aeng 102 $aGB 200 1 $a<<5:>> Combinatorics and geometry$fedited by Walter Ledermann and Steven Vajda 210 $c<> Wiley$aChichester ... [etc.]$dc1985 215 $a2 v., 732 p. compless.$d25 cm. 327 $a<> XVII, 327 p.$a<> XVII, 329-732 p. 461 $1001000005062$12001$aHandbook of applicable mathematics 606 $aGeometria 676 $a516 676 $a519$v(20. ed.)$9Probabilità e matematica applicata 702 1$aLedermann,$bWalter 702 1$aVajda,$bSteven 801 0$aIT$bUniversità della Basilicata - B.I.A.$gRICA$2unimarc 912 $a000005069 996 $aCombinatorics and geometry$973037 997 $aUNIBAS BAS $aMONING BAS $aMONOGR BAS $aINGEGNERIA CAT $aMEDURI$b01$c20000718$lBAS01$h1111 CAT $c20000920$lBAS01$h1833 CAT $c20001010$lBAS01$h1636 CAT $aTORRE$b20$c20020507$lBAS01$h1555 CAT $c20050601$lBAS01$h1753 CAT $abatch$b01$c20050718$lBAS01$h1048 CAT $c20050718$lBAS01$h1107 CAT $c20050718$lBAS01$h1137 CAT $c20050718$lBAS01$h1152 CAT $aATR$b40$c20110131$lBAS01$h1148 FMT LKR $aUP$b5062$lBAS01$m<<5:>> Combinatorics and geometry$nHandbook of applicable mathematics Z30 -1$lBAS01$LBAS01$mBOOK$1BASA2$APolo Tecnico-Scientifico$2DID$BDidattica$3PTS.s3.p29.5$9ING/96511$696511$5I96511$820000718$b1$eXVII, 327$f04$FPrestabile Didattica$hPart A Z30 -1$lBAS01$LBAS01$mBOOK$1BASA2$APolo Tecnico-Scientifico$2DID$BDidattica$3PTS.s3.p29.6$9ING/96513$696513$5I96513$820000718$b2$eXVII, 329-732$f04$FPrestabile Didattica$hPart B LEADER 01331nam 2200337 a 450 001 9910702369503321 005 20121127145738.0 035 $a(CKB)5470000002426462 035 $a(OCoLC)819423553 035 $a(EXLCZ)995470000002426462 100 $a20121127d2012 ua 0 101 0 $aeng 135 $aurmn||||||||| 181 $ctxt$2rdacontent 182 $cc$2rdamedia 183 $acr$2rdacarrier 200 10$aHomeland Security$b[electronic resource] $eDHS has enhanced procurement oversight efforts, but needs to update guidance : report to the Subcommittee on Oversight, Investigations, and Management, Committee on Homeland Security, House of Representatives 210 1$a[Washington, D.C.] :$cU.S. Govt. Accountability Office,$d[2012] 215 $a1 online resource (ii, 25 pages) $ccolor illustrations 300 $aTitle from PDF title screen (viewed Nov. 26, 2012). 300 $a"September 2012." 300 $a"GAO-12-947." 320 $aIncludes bibliographical references. 517 $aHomeland Security 712 02$aUnited States.$bCongress.$bHouse.$bCommittee on Homeland Security.$bSubcommittee on Oversight, Investigations, and Management. 801 0$bGPO 801 1$bGPO 906 $aBOOK 912 $a9910702369503321 996 $aHomeland Security$91686681 997 $aUNINA